[Event "AUTO-OPEN-2993"]
[Site "http://www.queenalice.com/game.php?id=1182599"]
[Date "2013.5.19"]
[Round "1"]
[White "KeresRF3"]
[Black "luizpessoa"]
[Result "1-0"]
[WhiteElo "2144"]
[BlackElo "1698"]

1. f4 d5 2. Nf3 Nc6 3. e3 Bf5 4. Nc3 Nb4 5. d3 e6 6. a3 Nc6 7. h3 h6 8. Qe2 Nf6
9. Bd2 Be7 10. O-O-O a6 11. g4 Bh7 12. Bg2 Bc5 13. Kb1 b5 14. g5 hxg5 15. fxg5
Nd7 16. h4 b4 17. axb4 Bxb4 18. h5 Bf5 19. Nh4 g6 20. hxg6 fxg6 21. Nxf5 Rxh1
22. Ng7+ Kf7 23. Rxh1 Kxg7 24. Nxd5 Bxd2 25. Nf4 Qe7 26. Bxc6 Rb8 27. Qxd2 Ne5
28. Qh2 Qxg5 29. Nxe6+ Kf6 30. Nxg5 Kxg5 31. Qf4# 1-0

[Event "AUTO-OPEN-2993"]
[Site "http://www.queenalice.com/game.php?id=1182608"]
[Date "2013.5.19"]
[Round "1"]
[White "JailtonCruz"]
[Black "KeresRF3"]
[Result "0-1"]
[WhiteElo "1787"]
[BlackElo "2138"]

1. d4 Nf6 2. c4 e6 3. Nc3 Bb4 4. Bd2 O-O 5. Nf3 Qe7 6. e3 b6 7. a3 Bxc3 8. Bxc3
Ne4 9. Qc2 Bb7 10. Bd3 f5 11. O-O Nxc3 12. Qxc3 Bxf3 13. gxf3 Qh4 14. Kh1 Rf6
15. Rg1 Qxf2 16. Rg2 Qxe3 17. d5 Rg6 18. Rag1 Qxf3 19. Qd4 c5 20. dxe6 cxd4 0-1

[Event "AUTO-OPEN-2993"]
[Site "http://www.queenalice.com/game.php?id=1182609"]
[Date "2013.5.19"]
[Round "1"]
[White "KeresRF3"]
[Black "JailtonCruz"]
[Result "1-0"]
[WhiteElo "2076"]
[BlackElo "1774"]

1. f4 d6 2. Nf3 g6 3. d4 Bg7 4. e4 Nd7 5. Nc3 Ngf6 6. e5 dxe5 7. fxe5 Ng4 8. h3
Nh6 9. Bf4 O-O 10. Qd2 b6 11. Bxh6 Bb7 12. h4 Bxf3 13. gxf3 c5 14. h5 cxd4 15.
hxg6 Bxe5 16. gxh7+ Kh8 17. Qg2 dxc3 18. Rg1 cxb2 19. Bg7+ 1-0

[Event "Challenge"]
[Site "http://www.queenalice.com/game.php?id=1186425"]
[Date "2013.5.31"]
[Round "-"]
[White "kykobr"]
[Black "KeresRF3"]
[Result "0-1"]
[WhiteElo "1535"]
[BlackElo "2144"]

1. e4 e6 2. d4 d5 3. exd5 exd5 4. Nc3 Nf6 5. Bb5+ c6 6. Be2 Bd6 7. Bg5 h6 8. Bh4
O-O 9. Nf3 Re8 10. O-O Bf5 11. Bd3 Bxd3 12. Qxd3 Nbd7 13. Rfe1 Qb6 14. Rab1 Rab8
15. Re3 Rxe3 16. Qxe3 Re8 17. b3 Rxe3 18. Nd1 Re2 19. c3 Qa6 20. a4 Qd3 21. h3
Qxb1 0-1

[Event "Challenge"]
[Site "http://www.queenalice.com/game.php?id=1199317"]
[Date "2013.7.13"]
[Round "-"]
[White "dorjon"]
[Black "KeresRF3"]
[Result "0-1"]
[WhiteElo "2128"]
[BlackElo "2167"]

1. e4 e5 2. Nf3 Nc6 3. Bb5 a6 4. Ba4 Nf6 5. O-O Be7 6. Re1 d6 7. c3 b5 8. Bc2
O-O 9. d4 Bg4 10. a4 Bxf3 11. gxf3 exd4 12. axb5 axb5 13. Rxa8 Qxa8 14. cxd4 Nb4
15. Be3 Qa1 16. Re2 c5 17. Bb3 Qa6 18. e5 dxe5 19. dxe5 Rd8 20. Rd2 Rxd2 21.
Nxd2 Nfd5 22. Bxd5 Nxd5 23. Nf1 Qc6 24. f4 Qe6 25. Kg2 Nb4 26. b3 h6 27. h3 c4
28. bxc4 bxc4 29. Qd4 Qc6+ 30. f3 Nd3 31. Nd2 Qg6+ 32. Kf1 Qg3 33. Bf2 Qh2 34.
Nxc4 Nxf4 0-1

[Event "Challenge"]
[Site "http://www.queenalice.com/game.php?id=1199928"]
[Date "2013.7.15"]
[Round "-"]
[White "KeresRF3"]
[Black "eddval"]
[Result "0-1"]
[WhiteElo "2197"]
[BlackElo "2242"]

1. d4 Nf6 2. c4 e6 3. Nc3 b6 4. e4 Bb4 5. e5 Ne4 6. Qg4 Nxc3 7. a3 Qe7 8. Bd2
Nd5 9. axb4 Nxb4 10. Qxg7 Rf8 11. O-O-O N8c6 12. Bh6 Bb7 13. Qxh7 O-O-O 14. Bxf8
Rxf8 15. Nf3 Na2+ 16. Kb1 Qb4 17. Qc2 Qa5 18. Qb3 Ncb4 19. Re1 f5 20. Ng5 Rg8
21. h4 Rxg5 22. hxg5 Be4+ 23. Rxe4 fxe4 24. g6 Nc6 25. g7 Nxd4 26. g8=Q+ Kb7 0-1

[Event "Challenge"]
[Site "http://www.queenalice.com/game.php?id=1212825"]
[Date "2013.8.29"]
[Round "-"]
[White "RafaelCabral"]
[Black "KeresRF3"]
[Result "0-1"]
[WhiteElo "2312"]
[BlackElo "2195"]

1. e4 c6 2. d4 d5 3. e5 Bf5 4. g4 Bg6 5. h4 h5 6. e6 hxg4 7. Qxg4 Nf6 8. exf7+
Bxf7 9. Qg2 c5 10. dxc5 Nc6 11. Bg5 Qa5+ 12. Nd2 Qxc5 13. c3 O-O-O 14. Ngf3 e5
15. Nb3 Qb6 16. O-O-O Kb8 17. Qg3 Bd6 18. Bd3 Qc7 0-1

[Event "Challenge"]
[Site "http://www.queenalice.com/game.php?id=1215849"]
[Date "2013.9.10"]
[Round "-"]
[White "jeancarlo1910"]
[Black "KeresRF3"]
[Result "0-1"]
[WhiteElo "1596"]
[BlackElo "2265"]

1. Nf3 d5 2. d4 Nf6 3. Nc3 Bf5 4. e3 e6 5. a3 Nc6 6. Bb5 Bd6 7. h3 O-O 8. O-O h6
9. Bxc6 bxc6 10. Ne2 c5 11. Ne5 cxd4 12. exd4 c5 13. f4 Qc7 14. c3 Ne4 15. Nf3
c4 16. Ne5 Rab8 17. g4 Bh7 18. Qe1 f6 0-1

[Event "AUTO-OPEN-2993"]
[Site "http://www.queenalice.com/game.php?id=1218360"]
[Date "2013.9.20"]
[Round "2"]
[White "sergiogvh"]
[Black "KeresRF3"]
[Result "1-0"]
[WhiteElo "2320"]
[BlackElo "2250"]

1. e4 c5 2. d4 cxd4 3. c3 dxc3 4. Nxc3 Nc6 5. Nf3 e6 6. Bc4 a6 7. O-O Qc7 8. Qe2
Bc5 9. a3 Nge7 10. Bd2 Ng6 11. Rac1 O-O 12. Ba2 Ba7 13. Nd5 Qb8 14. Nb4 Nf4 15.
Bxf4 Qxf4 16. Nd3 Qh6 17. h3 d6 18. Rfd1 Bd7 19. e5 Nxe5 20. Ndxe5 dxe5 21. Nxe5
Ba4 22. b3 Bb5 23. Qe4 Qf6 24. Ng4 Qe7 25. b4 Bc6 26. Qf4 Qh4 27. Bb3 Rad8 28.
Rxd8 Rxd8 29. Rd1 Re8 30. Rd2 Kh8 31. Qd6 f5 32. Ne5 Bb8 33. Qc5 1-0

[Event "AUTO-OPEN-2993"]
[Site "http://www.queenalice.com/game.php?id=1218361"]
[Date "2013.9.20"]
[Round "2"]
[White "KeresRF3"]
[Black "sergiogvh"]
[Result "0-1"]
[WhiteElo "2265"]
[BlackElo "2309"]

1. f4 e5 2. fxe5 d6 3. exd6 Bxd6 4. Nf3 Nf6 5. Nc3 O-O 6. e3 Bg4 7. Bc4 Nbd7 8.
O-O Nb6 9. Bb3 a5 10. a4 c5 11. d3 Rc8 12. h3 Bh5 13. e4 c4 14. Ba2 Bc5+ 15. Kh1
Bb4 16. Bg5 Bxc3 17. bxc3 h6 18. Bh4 g5 19. Be1 Nxa4 20. g4 Bg6 21. Ne5 Kg7 22.
Qf3 cxd3 23. cxd3 Nc5 24. Kg1 b5 25. Qe3 Qe7 26. Nxg6 Kxg6 27. e5 Nfd7 28. d4
Ne6 29. Qe4+ Kg7 30. Bb1 Rh8 31. Rxa5 Nf4 0-1

[Event "AUTO-OPEN-2993"]
[Site "http://www.queenalice.com/game.php?id=1218364"]
[Date "2013.9.20"]
[Round "2"]
[White "LUKK"]
[Black "KeresRF3"]
[Result "0-1"]
[WhiteElo "2687"]
[BlackElo "2265"]

1. g4 d5 2. c4 dxc4 3. Qa4+ c6 4. Qxc4 e5 5. Nf3 Be6 6. Qc2 Nd7 7. h3 h5 8. g5
Qc7 9. d4 Bb4+ 10. Bd2 Bxd2+ 11. Nbxd2 Ne7 12. e3 O-O 13. O-O-O c5 14. dxe5 Nxe5
15. Nxe5 Qxe5 16. Bc4 Bf5 17. Qb3 b5 18. Bxb5 Rab8 19. Nc4 Qe4 20. Nd6 Rxb5 21.
Nxb5 c4 22. f3 cxb3 23. fxe4 bxa2 24. Kd2 Bxe4 25. Nc3 Bxh1 26. Rxh1 Rd8+ 27.
Kc2 Nf5 28. Nxa2 Nxe3+ 29. Kc3 Nd1+ 30. Kc2 Nf2 31. Rh2 Ne4 32. Rg2 Rd5 33. g6
fxg6 0-1

[Event "AUTO-OPEN-2993"]
[Site "http://www.queenalice.com/game.php?id=1218365"]
[Date "2013.9.20"]
[Round "2"]
[White "KeresRF3"]
[Black "LUKK"]
[Result "0-1"]
[WhiteElo "2265"]
[BlackElo "2686"]

1. d4 g6 2. e4 Bg7 3. Nc3 d6 4. Nf3 Nf6 5. Be2 O-O 6. O-O e5 7. dxe5 dxe5 8. Bg5
Qxd1 9. Raxd1 Nc6 10. h3 h6 11. Bxf6 Bxf6 12. Nd5 Bd8 13. Rd2 Kg7 14. Rfd1 f5
15. Bd3 a6 16. a4 Re8 17. c3 Be6 18. Bb1 Rc8 19. Ne3 Bb3 20. Bc2 Bxc2 21. Rxc2
fxe4 22. Nd2 Bg5 23. Nxe4 Bxe3 24. Rd7+ Re7 25. Rxe7+ Nxe7 26. fxe3 b6 27. Rd2
a5 28. Kf1 Rf8+ 29. Ke2 Kf7 30. Rd7 Rc8 0-1

[Event "AUTO-OPEN-3095"]
[Site "http://www.queenalice.com/game.php?id=1222518"]
[Date "2013.10.6"]
[Round "1"]
[White "KeresRF3"]
[Black "uschmidi"]
[Result "1-0"]
[WhiteElo "2232"]
[BlackElo "1998"]

1. e4 e5 2. Nf3 Nc6 3. Bb5 d6 4. d4 exd4 5. Nxd4 Bd7 6. Nc3 Ne5 7. O-O c6 8. Be2
Nf6 9. f4 Ng6 10. Be3 Be7 11. Nf5 Bxf5 12. exf5 Nh4 13. Bf2 Nxf5 14. g4 Nxg4 15.
Bxg4 Nh6 16. Bh3 O-O 17. Qd3 Qc7 18. Ne4 d5 19. Ng5 g6 20. Qg3 Bd6 21. Qh4 1-0

[Event "AUTO-OPEN-3095"]
[Site "http://www.queenalice.com/game.php?id=1222519"]
[Date "2013.10.6"]
[Round "1"]
[White "uschmidi"]
[Black "KeresRF3"]
[Result "0-1"]
[WhiteElo "1998"]
[BlackElo "2243"]

1. c4 Nf6 2. d4 e6 3. Nc3 d5 4. e3 c6 5. Nf3 Nbd7 6. a3 Bd6 7. c5 Bc7 8. Bd3 e5
9. dxe5 Nxe5 10. h3 Nxf3+ 11. Qxf3 Nd7 12. b4 Ne5 13. Qe2 Nxd3+ 14. Qxd3 Qg5 15.
g4 h5 16. e4 Qg6 17. Qe3 d4 18. Qxd4 hxg4 19. Rg1 Be6 20. e5 Rd8 21. Qe3 Qc2 22.
hxg4 Rd3 0-1

[Event "AUTO-OPEN-3095"]
[Site "http://www.queenalice.com/game.php?id=1222520"]
[Date "2013.10.6"]
[Round "1"]
[White "KeresRF3"]
[Black "glennedy"]
[Result "0-1"]
[WhiteElo "2177"]
[BlackElo "1895"]

1. d4 Nf6 2. c4 e6 3. Nc3 Bb4 4. e3 b6 5. Ne2 Bb7 6. a3 Bxc3+ 7. Nxc3 O-O 8. f3
d5 9. b4 Re8 10. Qc2 Nbd7 11. Be2 e5 12. dxe5 Nxe5 13. cxd5 Nxd5 14. Nxd5 Qxd5
15. O-O Ng4 16. Bc4 Nxe3 17. Bxe3 Qe5 0-1

[Event "AUTO-OPEN-3095"]
[Site "http://www.queenalice.com/game.php?id=1222521"]
[Date "2013.10.6"]
[Round "1"]
[White "glennedy"]
[Black "KeresRF3"]
[Result "1-0"]
[WhiteElo "1866"]
[BlackElo "2199"]

1. d4 Nf6 2. c4 e6 3. Nf3 Bb4+ 4. Bd2 Qe7 5. a3 Bxd2+ 6. Qxd2 d6 7. Nc3 O-O 8.
e4 e5 9. d5 a5 10. Be2 Nbd7 11. O-O Nc5 12. Qc2 a4 13. Nd2 h6 14. f4 exf4 15.
Rxf4 Bd7 16. Bd3 Ng4 17. Nf1 Qe5 18. g3 1-0

[Event "AUTO-OPEN-3134"]
[Site "http://www.queenalice.com/game.php?id=1237170"]
[Date "2013.12.2"]
[Round "1"]
[White "KeresRF3"]
[Black "Narizinho"]
[Result "1-0"]
[WhiteElo "2265"]
[BlackElo "1362"]

1. d4 d5 2. c4 dxc4 3. Nf3 Nf6 4. e3 Nc6 5. Bxc4 e6 6. Nc3 Bb4 7. a3 Bd6 8. e4
O-O 9. e5 Bxe5 10. dxe5 Nd7 11. Qe2 Nb6 12. Ba2 Nd5 13. O-O Nxc3 14. bxc3 a6 15.
a4 b5 16. Bb1 bxa4 17. Bxh7+ Kxh7 18. Ng5+ Kg8 19. Rd1 Qe8 20. Qh5 Nxe5 21. Qh7#
1-0

[Event "AUTO-OPEN-3134"]
[Site "http://www.queenalice.com/game.php?id=1237171"]
[Date "2013.12.2"]
[Round "1"]
[White "Narizinho"]
[Black "KeresRF3"]
[Result "0-1"]
[WhiteElo "1287"]
[BlackElo "2265"]

1. e4 e6 2. Nf3 d5 3. exd5 exd5 4. Bb5+ c6 5. Bd3 Bd6 6. O-O Ne7 7. Nc3 O-O 8.
b3 Ng6 9. a3 Nf4 10. b4 Qf6 11. Ne2 Nxe2+ 12. Qxe2 Qxa1 13. c4 Nd7 14. cxd5 cxd5
15. Bf5 Nf6 16. d3 Bxf5 17. d4 Rfe8 18. Nh4 Rxe2 19. Nxf5 Bxh2+ 20. Kh1 Ng4 21.
Ng3 Bxg3 22. fxg3 Rae8 23. b5 Qxc1 24. Rxc1 Re1+ 25. Rxe1 Rxe1# 0-1

[Event "AUTO-OPEN-3134"]
[Site "http://www.queenalice.com/game.php?id=1237172"]
[Date "2013.12.2"]
[Round "1"]
[White "KeresRF3"]
[Black "ACamargo"]
[Result "1-0"]
[WhiteElo "2259"]
[BlackElo "1953"]

1. e4 e5 2. Nf3 d6 3. d4 exd4 4. Nxd4 Be7 5. Nc3 c6 6. Bf4 h6 7. Be2 Nf6 8. Qd3
O-O 9. Qg3 Kh7 10. O-O c5 11. Ndb5 Rg8 12. Rad1 a6 13. Nxd6 Be6 14. Nxb7 Qb6 15.
Nd6 Qxb2 16. e5 Nfd7 17. Rb1 Qa3 18. Nc4 Bxc4 19. Bxc4 Qa5 20. e6 fxe6 21. Bc7
Bh4 22. Qd3+ 1-0

[Event "AUTO-OPEN-3134"]
[Site "http://www.queenalice.com/game.php?id=1237173"]
[Date "2013.12.2"]
[Round "1"]
[White "ACamargo"]
[Black "KeresRF3"]
[Result "0-1"]
[WhiteElo "1969"]
[BlackElo "2253"]

1. d4 Nf6 2. c4 e6 3. Nc3 d5 4. e3 a6 5. Nf3 c5 6. a3 dxc4 7. Bxc4 b5 8. Bd3 Bb7
9. dxc5 Bxc5 10. O-O O-O 11. b4 Be7 12. Bb2 Nbd7 13. Rc1 Rc8 14. Re1 Bxf3 15.
Qxf3 Ne5 16. Qe2 Qxd3 17. f4 Qxe2 18. Rxe2 Nd3 0-1

[Event "AUTO-ELITE-1254"]
[Site "http://www.queenalice.com/game.php?id=1239776"]
[Date "2013.12.13"]
[Round "1"]
[White "krystek23"]
[Black "KeresRF3"]
[Result "1-0"]
[WhiteElo "2246"]
[BlackElo "2210"]

1. Nf3 Nf6 2. c4 e6 3. Nc3 c5 4. e3 Nc6 5. d4 d5 6. dxc5 Bxc5 7. a3 O-O 8. b4
Bd6 9. Qc2 a5 10. b5 Ne5 11. Nxe5 Bxe5 12. Bb2 Bd7 13. Na4 Bxb2 14. Nxb2 Rc8 15.
a4 e5 16. Bd3 Be6 17. O-O Rc5 18. Rfd1 Qc7 19. Rac1 Rc8 20. cxd5 Rxc2 21. Rxc2
Qe7 22. dxe6 Rxc2 23. exf7+ Kxf7 24. Bxc2 1-0

[Event "AUTO-ELITE-1254"]
[Site "http://www.queenalice.com/game.php?id=1239777"]
[Date "2013.12.13"]
[Round "1"]
[White "KeresRF3"]
[Black "krystek23"]
[Result "0-1"]
[WhiteElo "2222"]
[BlackElo "2233"]

1. e4 c5 2. Nf3 e6 3. d4 cxd4 4. Nxd4 Nc6 5. Nc3 d6 6. Be3 a6 7. Qd2 Nxd4 8.
Qxd4 Bd7 9. O-O-O b5 10. Be2 h6 11. Kb1 Bc6 12. f4 Qc7 13. Rhf1 Rc8 14. e5 dxe5
15. fxe5 Ne7 16. a4 Qb7 17. Qb6 b4 18. Bxa6 Qxb6 19. Bxb6 bxc3 20. Bxc8 Nd5 21.
a5 Be7 22. Bd4 O-O 23. Ba6 Bb4 24. Bc4 Bxa5 0-1

[Event "AUTO-ELITE-1254"]
[Site "http://www.queenalice.com/game.php?id=1239782"]
[Date "2013.12.13"]
[Round "1"]
[White "Donidon"]
[Black "KeresRF3"]
[Result "1-0"]
[WhiteElo "2384"]
[BlackElo "2229"]

1. e4 c5 2. Nf3 d6 3. d4 cxd4 4. Nxd4 Nf6 5. Nc3 a6 6. Be2 e5 7. Nb3 Be7 8. O-O
O-O 9. Be3 Be6 10. f4 exf4 11. Rxf4 Nc6 12. a4 Rc8 13. Qd2 Re8 14. a5 Nd7 15.
Rff1 h6 16. Nd4 Nxd4 17. Bxd4 Bg5 18. Be3 Bxe3+ 19. Qxe3 Ne5 20. Rfd1 Bc4 21. h3
Bxe2 22. Qxe2 Rc5 23. Qf2 Nc6 24. Qg3 Re6 25. Rf1 Rxa5 26. Rxa5 Qxa5 27. Nd5
Qc5+ 28. Qf2 Qxf2+ 29. Rxf2 Rxe4 30. Kf1 Ne5 31. g3 1-0

[Event "AUTO-ELITE-1254"]
[Site "http://www.queenalice.com/game.php?id=1239783"]
[Date "2013.12.13"]
[Round "1"]
[White "KeresRF3"]
[Black "Donidon"]
[Result "0-1"]
[WhiteElo "2237"]
[BlackElo "2363"]

1. e4 e6 2. d4 d5 3. Nc3 Bb4 4. e5 c5 5. a3 Ba5 6. b4 cxd4 7. Qg4 Ne7 8. bxa5
dxc3 9. Qxg7 Rg8 10. Qxh7 Nbc6 11. Nf3 Qc7 12. Bf4 Qxa5 13. Ng5 Nd8 14. Be2 b6
15. Bh5 Qa4 16. Be3 Rxg5 17. Bxg5 Ba6 18. h4 Kd7 19. Bxf7 Nxf7 20. Qxf7 Qe4+ 21.
Kd1 Qe2+ 22. Kc1 Re8 23. Rb1 d4 24. Rb4 d3 25. cxd3 Bb7 0-1